Research journal of arts, management and social sciences (Record no. 41843)
[ view plain ]
| 000 -LEADER | |
|---|---|
| fixed length control field | 00640nam a22001817a 4500 |
| 005 - DATE AND TIME OF LATEST TRANSACTION | |
| control field | 20100814120343.0 |
| 006 - FIXED-LENGTH DATA ELEMENTS--ADDITIONAL MATERIAL CHARACTERISTICS--GENERAL INFORMATION | |
| fixed length control field | a|||||r|||||00| 0 |
| 007 - PHYSICAL DESCRIPTION FIXED FIELD--GENERAL INFORMATION | |
| fixed length control field | ta |
| 008 - FIXED-LENGTH DATA ELEMENTS--GENERAL INFORMATION | |
| fixed length control field | 100814c xxu||||| |||| 00| 0 eng d |
| 022 ## - INTERNATIONAL STANDARD SERIAL NUMBER | |
| International Standard Serial Number | 0975-4083 |
| 245 ## - TITLE STATEMENT | |
| Title | Research journal of arts, management and social sciences |
| 260 ## - PUBLICATION, DISTRIBUTION, ETC. (IMPRINT) | |
| Place of publication, distribution, etc | Rewa |
| Name of publisher, distributor, etc | Journal of Centre for Research Studies |
| Date of publication, distribution, etc | 2010- |
| 300 ## - PHYSICAL DESCRIPTION | |
| Extent | v. |
| Dimensions | 24 cm |
| 310 ## - CURRENT PUBLICATION FREQUENCY | |
| Current publication frequency | Half yearly |
| 270 ## - ADDRESS | |
| Address | 41/42, Raghuwans Sadan, Shanti Kunj, Bichiya |
| City | Rewa (M.P.) |
| Postal code | 486001 |
| Telephone number | 07662-255177, 9425186437 |
| Electronic mail address | gresearchjournal@rediffmail.com |
| 942 ## - ADDED ENTRY ELEMENTS (KOHA) | |
| Source of classification or shelving scheme | Dewey Decimal Classification |
| Item type | Periodicals |
| Serial record | 1 |
| Withdrawn status | Lost status | Source of classification or shelving scheme | Damaged status | Not for loan | Home library | Current library | Date acquired | Total Checkouts | Date last seen | Price effective from | Koha item type |
|---|---|---|---|---|---|---|---|---|---|---|---|
| Dewey Decimal Classification | Not For Loan | D.B.Act.Division | D.B.Act.Division | 14/08/2010 | 14/08/2010 | 14/08/2010 | Periodicals |
